| 000 | 01166cam a22003013a 4500 | ||
|---|---|---|---|
| 001 | 1299 | ||
| 005 | 20230908160708.0 | ||
| 020 | _a9780439165730 | ||
| 040 |
_aEOW _cEOW _dDLC _beng |
||
| 050 | 0 | 0 | _aPZ10.3 |
| 082 | _aFic | ||
| 100 | 1 | _aBetancourt, Jeanne. | |
| 245 | 1 | 0 |
_aPony-4-sale / _cJeanne Betancourt ; illustrated by Paul Bachem. |
| 246 | 3 | _aPony for sale | |
| 260 |
_aNew York : _bScholastic, _c2001. |
||
| 300 |
_a87 pages : _bIllustrations ; _c20 cm. |
||
| 490 |
_aPony Pals _vBook 30 |
||
| 500 | _a"A Little Apple paperback." | ||
| 505 | _aK | ||
| 520 | _aAs Pam rides her pony, she happens upon Cloud, Maggie the Magician's pony. Cloud seems skittish and frightened by people. Pam, Anna, and Lulu set out to learn about Cloud's past. The truth they uncover is disturbing, but it may be the key to giving Cloud a better future. Illustrations.Copyright © Libri GmbH. All rights reserved. | ||
| 521 |
_a520
_bLexile |
||
| 521 |
_aK
_bRaz-Plus |
||
| 650 | 0 |
_aPonies _vJuvenile fiction. |
|
| 655 | 7 |
_aChildren's stories. _2lcsh |
|
| 700 | 1 | _aBachem, Paul. | |
| 906 |
_a7 _bcbc _ccopycat _d2 _encip _f20 _gy-genrareb |
||
| 942 |
_2ddc _cBK _n0 |
||
| 999 |
_c1299 _d1299 |
||